Statistics for JetPunk Users with the Most Quizzes

Click here to take the quiz!

General Stats

  • This quiz has been taken 31 times
    (5 since last reset)
  • The average score is 6 of 20

Answer Stats

# # of Created Quizzes User % Correct
15,605Jerry928
75%
34,259Quizmaster
75%
62,076KoljiVriVoda
50%
71,733scambigol
50%
151,011Stewart
50%
24,729skukka
50%
131,087WolfCam
25%
19718NellyFurtado
25%
17872PSTSCCH
25%
16924Germanwolverine
25%
141,021relessness
25%
20698joez
25%
121,213Gassu69
25%
101,518Quizzer6794
25%
91,588zoedad
25%
81,607Gamer1162
25%
52,933Fouquets
0%
18777Macaco
0%
43,612johnsonncn5
0%
111,285Tottenham63
0%

Score Distribution

Percentile by Number Answered

Percent of People with Each Score

Your Score History

You have not taken this quiz since the last reset